駅利用者数ランキングTOP30(茨城県) - Statistics

General Stats
  • This quiz has been taken 436 times
  • The average score is 21 of 30
Answer Stats
駅名 利用者数 % Correct
3 水戸 56306
100%
2 取手 56608
96%
4 つくば 34546
96%
5 土浦 28276
93%
10 日立 17484
91%
1 守谷 62200
90%
6 勝田 25238
87%
9 牛久 21552
85%
26 友部 6124
84%
7 龍ケ崎市 22881
80%
14 ひたち野うしく 12602
80%
21 石岡 9850
80%
13 荒川沖 14124
72%
23 下館 7541
72%
12 研究学園 14982
70%
16 赤塚 11530
68%
22 東海 8798
66%
8 古河 22608
65%
19 藤代 10552
64%
15 みらい平 11622
63%
11 大甕 16636
61%
17 常陸多賀 11238
58%
20 神立 10274
58%
30 羽鳥 4328
55%
28 内原 4672
51%
18 みどりの 10662
50%
24 万博記念公園 7092
47%
25 佐和 6840
45%
27 十王 5182
39%
29 戸頭 4662
9%
No matching quizzes found
Score Distribution
Percent of People with Each Score
Percentile by Number Answered
Your Score History
You have not taken this quiz